000 00497nam a22002057a 4500
005 20251108172555.0
008 250721s9999 xx 000 0 eng d
082 1 4 _a016.78164BRA
100 1 _aBronson, Fred
245 1 4 _aThe /Billboard Book of Number One Hits /
264 1 _aNew York :
_bBillboard Books,
300 _a883p
650 1 7 _aBiography
650 1 7 _aMusicians
650 1 7 _aPop Music
650 1 7 _aWestern Music
650 1 7 _aU.S.A
942 _2ddc
_cBK
999 _c82914
_d82914